[Event "Omsk op 12"]
[Site "Omsk"]
[Date "2013.12.11"]
[Round "7"]
[White "Sannikov, Ilya"]
[Black "Skokov, Boris"]
[Result "1/2-1/2"]
[WhiteElo "1931"]
[BlackElo "2017"]
[PlyCount "50"]
[EventDate "2013.12.01"]
[EventType "swiss"]
[EventRounds "9"]
[EventCountry "RUS"]
[SourceTitle "EXT 2016"]
[Source "ChessBase"]
[SourceDate "2015.10.08"]
[SourceVersion "1"]
[SourceVersionDate "2015.10.08"]
[SourceQuality "1"]

1. e4 e6 2. d4 d5 3. Nc3 Nf6 4. e5 Nfd7 5. Be3 c5 6. f4 cxd4 7. Bxd4 Nc6 8. Bf2 Nc5 9. Nf3 Qa5 10. Qd2 Na4 11. Nb5 Qd8 12. c3 Nc5 13. Bxc5 Bxc5 14. b4 Be7 15. a3 a5 16. Rb1 axb4 17. axb4 0-0 18. Bd3 Qb6 19. Nfd4 Bd7 20. 0-0 f6 21. Qe3 fxe5 22. fxe5 Nxd4 23. Nxd4 g6 24. Kh1 Rxf1+ 25. Rxf1 Rf8 1/2-1/2

[Event "Omsk op"]
[Site "Omsk"]
[Date "2013.09.12"]
[Round "3"]
[White "Sannikov, Ilya"]
[Black "Lunga, Oleg"]
[Result "1/2-1/2"]
[WhiteElo "1865"]
[BlackElo "1750"]
[PlyCount "61"]
[EventDate "2013.09.10"]
[EventType "swiss"]
[EventRounds "9"]
[EventCountry "RUS"]
[SourceTitle "CBM 156 Extra"]
[Source "ChessBase"]
[SourceDate "2013.10.22"]
[SourceVersion "1"]
[SourceVersionDate "2013.10.22"]
[SourceQuality "1"]

1. e4 c5 2. Nf3 Nc6 3. d4 cxd4 4. Nxd4 e5 5. Nb5 d6 6. N1c3 a6 7. Na3 Be6 8. Nc4 b5 9. Ne3 Nf6 10. a3 Be7 11. Be2 0-0 12. 0-0 Nd4 13. Bd3 h6 14. Ne2 Qd7 15. Nxd4 exd4 16. Nf5 Bxf5 17. exf5 d5 18. Qf3 Bd6 19. Bf4 Rfe8 20. Rfe1 Qc7 21. Bxd6 Qxd6 22. Rad1 b4 23. a4 Qd7 24. b3 Qc7 25. g4 Qc3 26. Kf1 Rac8 27. h4 Ne4 28. Qf4 Nc5 29. Qd2 Ne4 30. Qf4 Nc5 31. Qd2 1/2-1/2

[Event "Omsk op"]
[Site "Omsk"]
[Date "2013.09.11"]
[Round "2"]
[White "Sannikov, Ilya"]
[Black "Vieru, Vadim"]
[Result "1/2-1/2"]
[WhiteElo "1865"]
[BlackElo "1774"]
[PlyCount "56"]
[EventDate "2013.09.10"]
[EventType "swiss"]
[EventRounds "9"]
[EventCountry "RUS"]
[SourceTitle "CBM 156 Extra"]
[Source "ChessBase"]
[SourceDate "2013.10.22"]
[SourceVersion "1"]
[SourceVersionDate "2013.10.22"]
[SourceQuality "1"]

1. e4 e5 2. Nf3 Nc6 3. Bb5 a6 4. Ba4 Nf6 5. 0-0 Be7 6. Re1 b5 7. Bb3 0-0 8. h3 h6 9. d3 d5 10. exd5 Nxd5 11. Nxe5 Nxe5 12. Rxe5 c6 13. d4 Bd6 14. Re1 Qh4 15. Bxd5 cxd5 16. Qf3 Bb7 17. Be3 Rae8 18. Nd2 f5 19. Nf1 f4 20. Bd2 Re4 21. Re2 Rfe8 22. Rae1 h5 23. Bc1 g5 24. Nh2 Kg7 25. b3 g4 26. Qd3 f3 27. Rxe4 dxe4 28. Qe3 Qf6 1/2-1/2

[Event "Omsk op"]
[Site "Omsk"]
[Date "2013.09.10"]
[Round "1"]
[White "Patrashov, Edisher"]
[Black "Sannikov, Ilya"]
[Result "1/2-1/2"]
[WhiteElo "1703"]
[BlackElo "1865"]
[PlyCount "34"]
[EventDate "2013.09.10"]
[EventType "swiss"]
[EventRounds "9"]
[EventCountry "RUS"]
[SourceTitle "CBM 156 Extra"]
[Source "ChessBase"]
[SourceDate "2013.10.22"]
[SourceVersion "1"]
[SourceVersionDate "2013.10.22"]
[SourceQuality "1"]

1. d4 Nf6 2. g3 d5 3. Bg2 c6 4. Nf3 g6 5. 0-0 Bg7 6. c4 0-0 7. Qc2 Bf5 8. Qb3 Qc8 9. cxd5 Nxd5 10. Nc3 Be6 11. Nxd5 Bxd5 12. Qd3 Bxf3 13. Bxf3 Rd8 14. Qe4 e6 15. Be3 Nd7 16. Bd2 Nf6 17. Qc2 Qd7 1/2-1/2

[Event "Omsk Summer op"]
[Site "Omsk"]
[Date "2013.06.16"]
[Round "9"]
[White "Toder, Alexander"]
[Black "Sannikov, Ilya"]
[Result "1-0"]
[WhiteElo "2131"]
[BlackElo "1865"]
[PlyCount "75"]
[EventDate "2013.06.08"]
[EventType "swiss"]
[EventRounds "9"]
[EventCountry "RUS"]
[SourceTitle "EXT 2014"]
[Source "ChessBase"]
[SourceDate "2013.11.20"]
[SourceVersion "1"]
[SourceVersionDate "2013.11.20"]
[SourceQuality "1"]

1. e4 c5 2. Nf3 d6 3. d4 cxd4 4. Nxd4 Nf6 5. Nc3 a6 6. Be2 e5 7. Nb3 Be7 8. 0-0 0-0 9. Kh1 b6 10. f4 Bb7 11. Bf3 Nbd7 12. a4 Qc7 13. f5 Nc5 14. Nxc5 Qxc5 15. Qe2 Rfe8 16. Be3 Qc7 17. Qf2 Qc4 18. Qg3 Kh8 19. Rae1 Rac8 20. Bg5 Qb4 21. Bc1 Rc4 22. Qh3 Rd8 23. Be2 Rc7 24. Bd3 Qd4 25. Be3 Qb4 26. Bd2 Qd4 27. a5 bxa5 28. Ne2 Qc5 29. Ra1 Nxe4 30. Bxa5 Rcd7 31. Bxd8 Bxd8 32. Bxe4 Bxe4 33. f6 Rb7 34. Rxa6 Qb5 35. Ra8 Rd7 36. Qg4 Bg6 37. fxg7+ Kxg7 38. Ng3 1-0

[Event "Omsk Summer op"]
[Site "Omsk"]
[Date "2013.06.12"]
[Round "5"]
[White "Sannikov, Ilya"]
[Black "Miminoshvily, Merab"]
[Result "1-0"]
[WhiteElo "1865"]
[BlackElo "1814"]
[PlyCount "40"]
[EventDate "2013.06.08"]
[EventType "swiss"]
[EventRounds "9"]
[EventCountry "RUS"]
[SourceTitle "EXT 2014"]
[Source "ChessBase"]
[SourceDate "2013.11.20"]
[SourceVersion "1"]
[SourceVersionDate "2013.11.20"]
[SourceQuality "1"]

1. e4 c5 2. Nf3 Nc6 3. d4 cxd4 4. Nxd4 d6 5. c4 Nf6 6. Nc3 a6 7. Be2 e6 8. 0-0 Be7 9. Kh1 0-0 10. Be3 Qc7 11. Qe1 b6 12. f4 Bb7 13. Qg3 Kh8 14. Rac1 Rad8 15. Bf3 Nd7 16. Nd5 exd5 17. cxd5 Nc5 18. dxc6 Bc8 19. b4 Ne6 20. Nf5 Bf6 1-0

[Event "Omsk Summer op"]
[Site "Omsk"]
[Date "2013.06.11"]
[Round "4"]
[White "Silchenko, Stepan"]
[Black "Sannikov, Ilya"]
[Result "0-1"]
[WhiteElo "1618"]
[BlackElo "1865"]
[PlyCount "52"]
[EventDate "2013.06.08"]
[EventType "swiss"]
[EventRounds "9"]
[EventCountry "RUS"]
[SourceTitle "EXT 2014"]
[Source "ChessBase"]
[SourceDate "2013.11.20"]
[SourceVersion "1"]
[SourceVersionDate "2013.11.20"]
[SourceQuality "1"]

1. Nf3 Nf6 2. c4 g6 3. Nc3 Bg7 4. b3 0-0 5. Bb2 d5 6. e3 Bf5 7. Be2 dxc4 8. Bxc4 Bd3 9. Ne5 Bxc4 10. Nxc4 c5 11. 0-0 Nc6 12. a3 Qd3 13. Rc1 Rfd8 14. Qe2 Qxe2 15. Nxe2 b5 16. Ne5 Nxe5 17. Bxe5 Rxd2 18. Ng3 Rc8 19. Bd4 c4 20. bxc4 bxc4 21. Bc3 Ra2 22. Bb4 Nd5 23. Rfd1 Nxb4 24. axb4 c3 25. Ne4 c2 26. Rd2 Bb2 0-1

[Event "Omsk Summer op"]
[Site "Omsk"]
[Date "2013.06.08"]
[Round "1"]
[White "Sannikov, Ilya"]
[Black "Riabinina, Margarita"]
[Result "1-0"]
[WhiteElo "1865"]
[BlackElo "1703"]
[PlyCount "73"]
[EventDate "2013.06.08"]
[EventType "swiss"]
[EventRounds "9"]
[EventCountry "RUS"]
[SourceTitle "EXT 2014"]
[Source "ChessBase"]
[SourceDate "2013.11.20"]
[SourceVersion "1"]
[SourceVersionDate "2013.11.20"]
[SourceQuality "1"]

1. e4 e6 2. d4 d5 3. e5 c5 4. c3 Nc6 5. Nf3 Qb6 6. a3 cxd4 7. cxd4 a5 8. Nc3 f5 9. h4 Bd7 10. h5 Be7 11. Rb1 Nh6 12. Na4 Qa7 13. Be2 Nf7 14. Be3 h6 15. Nh4 f4 16. Bxf4 Qxd4 17. Qxd4 Nxd4 18. Nc3 Nxe2 19. Nxe2 Bg5 20. Ng6 Rg8 21. Rc1 Rc8 22. 0-0 Nh8 23. Nxh8 Rxh8 24. Bxg5 hxg5 25. g4 Ke7 26. Nd4 Rxc1 27. Rxc1 Rc8 28. Rxc8 Bxc8 29. Nf3 Bd7 30. Nxg5 Bb5 31. f3 Bd3 32. Kf2 a4 33. Ke3 Bc2 34. Kd4 b6 35. Kc3 Bb3 36. Kb4 Bd1 37. Kb5 1-0

[Event "Omsk-ch"]
[Site "Omsk"]
[Date "2012.03.18"]
[Round "3"]
[White "Tregubov, Nikolai"]
[Black "Sannikov, Ilya"]
[Result "1/2-1/2"]
[WhiteElo "2078"]
[BlackElo "1865"]
[PlyCount "114"]
[EventDate "2012.03.15"]
[EventType "swiss"]
[EventRounds "9"]
[EventCountry "RUS"]
[SourceTitle "EXT 2013"]
[Source "ChessBase"]
[SourceDate "2012.11.22"]
[SourceVersion "1"]
[SourceVersionDate "2012.11.22"]
[SourceQuality "1"]

1. d4 Nf6 2. c4 e6 3. Nc3 Bb4 4. Qb3 c5 5. Nf3 b6 6. a3 Bxc3+ 7. Qxc3 Ne4 8. Qc2 f5 9. g3 Bb7 10. Bg2 Qc7 11. 0-0 cxd4 12. Bf4 d6 13. Nxd4 Qd7 14. Nb5 e5 15. Be3 a6 16. Nc3 Nxc3 17. Qxc3 Bxg2 18. Kxg2 Qc6+ 19. f3 Nd7 20. Rfd1 0-0 21. Qd3 f4 22. Qxd6 Qxc4 23. Qxd7 fxe3 24. Qd5+ Qxd5 25. Rxd5 e4 26. Rf1 Rfe8 27. Rd7 Rac8 28. fxe4 Rc2 29. Rff7 Rxe2+ 30. Kh3 Rxh2+ 31. Kxh2 e2 32. Rxg7+ Kh8 33. Rxh7+ Kg8 34. Rdg7+ Kf8 35. Rc7 Kg8 36. Rhg7+ Kh8 37. Rh7+ Kg8 38. Rc1 Kxh7 39. Kg2 Rxe4 40. Re1 Re3 41. Kf2 Rb3 42. Rxe2 Kg6 43. Kg2 a5 44. Kh3 Kg5 45. Rd2 Kh5 46. a4 Kg6 47. Kh4 Rb4+ 48. g4 Kh6 49. Rd6+ Kg7 50. Kg5 Rxb2 51. Rd7+ Kf8 52. Rb7 Rb4 53. Kf5 Rxa4 54. Rxb6 Ra1 55. Ra6 a4 56. Kf6 Rf1+ 57. Kg6 Ra1 1/2-1/2

[Event "Omsk-ch"]
[Site "Omsk"]
[Date "2012.03.15"]
[Round "1"]
[White "Skokov, Boris"]
[Black "Sannikov, Ilya"]
[Result "0-1"]
[WhiteElo "2026"]
[BlackElo "1865"]
[PlyCount "52"]
[EventDate "2012.03.15"]
[EventType "swiss"]
[EventRounds "9"]
[EventCountry "RUS"]
[SourceTitle "EXT 2013"]
[Source "ChessBase"]
[SourceDate "2012.11.22"]
[SourceVersion "1"]
[SourceVersionDate "2012.11.22"]
[SourceQuality "1"]

1. e4 c5 2. Nf3 d6 3. d4 cxd4 4. Nxd4 Nf6 5. Nc3 a6 6. Be3 e5 7. Nf3 Be7 8. Bc4 b5 9. Bb3 Bb7 10. Nd5 Nxd5 11. Bxd5 Qc7 12. a4 b4 13. a5 Nd7 14. 0-0 0-0 15. Bg5 Bxg5 16. Nxg5 Bxd5 17. Qxd5 h6 18. Nh3 Nf6 19. Qd3 Qc6 20. Rae1 Rfd8 21. f4 Qc5+ 22. Kh1 Qxa5 23. fxe5 dxe5 24. Qb3 Rd2 25. Nf2 Qc5 26. Qh3 Rxf2 0-1

[Event "Omsk Rating"]
[Site "Omsk"]
[Date "2011.12.11"]
[Round "6"]
[White "Bogachkova, Alena"]
[Black "Sannikov, Ilya"]
[Result "0-1"]
[WhiteElo "2009"]
[BlackElo "1857"]
[PlyCount "120"]
[EventDate "2011.12.02"]
[EventType "swiss"]
[EventRounds "9"]
[EventCountry "RUS"]
[SourceTitle "EXT 2022"]
[Source "ChessBase"]
[SourceDate "2021.10.06"]
[SourceVersion "1"]
[SourceVersionDate "2021.10.06"]
[SourceQuality "1"]

1. e4 c5 2. d3 d6 3. g3 Nf6 4. Bg2 g6 5. Ne2 Bg7 6. 0-0 Nc6 7. c3 0-0 8. h3 Ne8 9. Be3 f5 10. exf5 Bxf5 11. Qb3+ c4 12. Qxc4+ Kh8 13. d4 Nf6 14. Nf4 Rc8 15. Qb5 e5 16. Ne2 Rf7 17. Nd2 a6 18. Qb3 Qc7 19. d5 Ne7 20. Bb6 Qd7 21. Kh2 Bh6 22. Be3 Bxe3 23. fxe3 Bd3 24. Rae1 Nf5 25. c4 e4 26. Qc3 Qe7 27. Nf4 Bxf1 28. Rxf1 Ng7 29. Qd4 Re8 30. g4 Qe5 31. Qxe5 Rxe5 32. g5 Rxg5 33. Ne6 Rf5 34. Rf4 Rxf4 35. Nxf4 g5 36. Ne2 Nf5 37. Nf1 Rc7 38. b3 b5 39. cxb5 axb5 40. Neg3 Nxg3 41. Kxg3 Rc2 42. a4 b4 43. a5 Ra2 44. a6 Rxa6 45. Nd2 Ra2 46. Nc4 Nxd5 47. Bxe4 Nf6 48. Nxd6 Rd2 49. Nf7+ Kg7 50. Nxg5 Nxe4+ 51. Nxe4 Rd3 52. Kf4 Rxb3 53. Nd2 Rd3 54. Nc4 b3 55. e4 Rd4 56. Nb2 Rd2 57. Na4 b2 58. Nc3 Rc2 59. Nb1 Rc1 60. Na3 Ra1 0-1

[Event "Omsk Rating"]
[Site "Omsk"]
[Date "2011.12.07"]
[Round "4"]
[White "Manchenko, Vladimir"]
[Black "Sannikov, Ilya"]
[Result "1/2-1/2"]
[WhiteElo "2077"]
[BlackElo "1857"]
[PlyCount "77"]
[EventDate "2011.12.02"]
[EventType "swiss"]
[EventRounds "9"]
[EventCountry "RUS"]
[SourceTitle "EXT 2022"]
[Source "ChessBase"]
[SourceDate "2021.10.06"]
[SourceVersion "1"]
[SourceVersionDate "2021.10.06"]
[SourceQuality "1"]

1. c4 Nf6 2. Nc3 e6 3. e4 d5 4. e5 d4 5. exf6 dxc3 6. fxg7 cxd2+ 7. Qxd2 Qxd2+ 8. Bxd2 Bxg7 9. 0-0-0 b6 10. Bd3 Bb7 11. f3 Nd7 12. Nh3 Ne5 13. Bc3 0-0-0 14. Kc2 Nxd3 15. Bxg7 Rhg8 16. Bf6 Nb4+ 17. Kc3 Rxd1 18. Rxd1 c5 19. a3 Nc6 20. Rd2 Rg6 21. Bh4 Nd4 22. b4 Nxf3 23. gxf3 Rh6 24. Ng5 Rxh4 25. Nxf7 cxb4+ 26. axb4 Bxf3 27. Nd6+ Kb8 28. Rd3 Bg4 29. Nb5 a6 30. Nd4 Rxh2 31. Nc6+ Kc7 32. Ne5 Be2 33. Rd7+ Kc8 34. Re7 Rh6 35. c5 bxc5 36. bxc5 Bb5 37. c6 Bxc6 38. Nxc6 Rh5 39. Na7+ 1/2-1/2

[Event "Omsk-ch"]
[Site "Omsk"]
[Date "2011.11.23"]
[Round "8"]
[White "Sannikov, Ilya"]
[Black "Barakin, Gennady"]
[Result "0-1"]
[WhiteElo "1865"]
[BlackElo "1924"]
[PlyCount "76"]
[EventDate "2011.11.13"]
[EventType "swiss"]
[EventRounds "9"]
[EventCountry "RUS"]
[SourceTitle "EXT 2013"]
[Source "ChessBase"]
[SourceDate "2012.11.22"]
[SourceVersion "1"]
[SourceVersionDate "2012.11.22"]
[SourceQuality "1"]

1. e4 c6 2. d4 d5 3. exd5 cxd5 4. Bd3 Nc6 5. c3 Nf6 6. Bf4 e6 7. Nf3 Bd6 8. Ne5 Qc7 9. Qe2 Nd7 10. Nxc6 bxc6 11. Bxd6 Qxd6 12. Nd2 c5 13. Nf3 c4 14. Bc2 Rb8 15. b4 cxb3 16. axb3 Qc7 17. c4 dxc4 18. bxc4 0-0 19. 0-0 Nf6 20. Ne5 Rd8 21. Rfd1 a5 22. Qd2 Ra8 23. c5 Bb7 24. Nc4 Bd5 25. Nxa5 e5 26. Qc3 exd4 27. Rxd4 Rdc8 28. c6 Ra6 29. Bd3 Rb6 30. Rb1 Rxb1+ 31. Bxb1 h5 32. Rh4 Ra8 33. Ra4 Ng4 34. g3 Qb6 35. Qc2 Re8 36. Qh7+ Kf8 37. Qh8+ Ke7 38. Qxe8+ Kxe8 0-1

[Event "Omsk CC-ch final"]
[Site "Omsk"]
[Date "2011.09.08"]
[Round "10"]
[White "Sannikov, Ilya"]
[Black "Dobrovolsky, Gennady"]
[Result "1-0"]
[WhiteElo "1857"]
[BlackElo "2056"]
[PlyCount "57"]
[EventDate "2011.08.20"]
[EventType "swiss"]
[EventRounds "11"]
[EventCountry "RUS"]
[SourceTitle "EXT 2023"]
[Source "ChessBase"]
[SourceDate "2022.10.05"]
[SourceVersion "1"]
[SourceVersionDate "2022.10.05"]
[SourceQuality "1"]

1. e4 e5 2. Nf3 Nc6 3. Bb5 a6 4. Ba4 Nf6 5. 0-0 b5 6. Bb3 Bd6 7. Re1 0-0 8. c3 Bb7 9. d4 h6 10. Nbd2 Re8 11. h3 Bf8 12. dxe5 Nxe5 13. Nxe5 Rxe5 14. f4 Bc5+ 15. Kh2 Re7 16. e5 Qe8 17. Nf3 Bxf3 18. Qxf3 d6 19. e6 fxe6 20. Rxe6 Rxe6 21. Bxe6+ Kf8 22. Bd2 Rd8 23. Re1 Qh5 24. g4 Qh4 25. g5 Nh5 26. Rf1 Ke7 27. Bg4 Qg3+ 28. Qxg3 Nxg3 29. Kxg3 1-0

[Event "Omsk CC-ch sf"]
[Site "Omsk"]
[Date "2011.06.26"]
[Round "5"]
[White "Sannikov, Ilya"]
[Black "Mikhailovsky, Viktor"]
[Result "1-0"]
[WhiteElo "1857"]
[BlackElo "1977"]
[PlyCount "51"]
[EventDate "2011.06.20"]
[EventType "swiss"]
[EventRounds "11"]
[EventCountry "RUS"]
[SourceTitle "EXT 2023"]
[Source "ChessBase"]
[SourceDate "2022.10.05"]
[SourceVersion "1"]
[SourceVersionDate "2022.10.05"]
[SourceQuality "1"]

1. e4 e5 2. Nf3 Nf6 3. Nxe5 d6 4. Nf3 Nxe4 5. d4 d5 6. Bd3 Be7 7. c4 Bb4+ 8. Nbd2 Nxd2 9. Bxd2 Bxd2+ 10. Qxd2 Qe7+ 11. Qe3 dxc4 12. Bxc4 Bg4 13. 0-0 Nc6 14. Bxf7+ Kxf7 15. Qf4+ Qf6 16. Qxg4 Rhd8 17. Rad1 Rd5 18. Rfe1 Rad8 19. Re4 h5 20. Qf4 R8d7 21. h4 Qxf4 22. Rxf4+ Kg6 23. g3 Ne7 24. Re1 Nc6 25. Re6+ Kh7 26. Ng5+ 1-0

[Event "Moscow op-E"]
[Site "Moscow"]
[Date "2011.02.02"]
[Round "5.5"]
[White "Sly, Douglas"]
[Black "Sannikov, Ilya"]
[Result "0-1"]
[WhiteElo "1644"]
[BlackElo "1846"]
[PlyCount "32"]
[EventDate "2011.01.29"]
[EventType "swiss"]
[EventRounds "9"]
[EventCountry "RUS"]
[SourceTitle "EXT 2022"]
[Source "ChessBase"]
[SourceDate "2021.10.06"]
[SourceVersion "1"]
[SourceVersionDate "2021.10.06"]
[SourceQuality "1"]

1. e4 e6 2. f4 d5 3. e5 c5 4. Nf3 Nc6 5. c3 Nh6 6. Bd3 f6 7. Bc2 fxe5 8. fxe5 c4 9. d4 cxd3 10. Qxd3 Ng4 11. Bg5 Qb6 12. Bb3 Qf2+ 13. Kd1 Qxb2 14. Rf1 Nf2+ 15. Rxf2 Qxf2 16. a4 Qb2 0-1